Introduction to work study. (Record no. 63369)
[ view plain ]
| 000 -LEADER | |
|---|---|
| fixed length control field | 00930nam a2200301 a 4500 |
| 001 - CONTROL NUMBER | |
| control field | 3282189 |
| 003 - CONTROL NUMBER IDENTIFIER | |
| control field | NUST - PNEC |
| 005 - DATE AND TIME OF LATEST TRANSACTION | |
| control field | 20170116180811.0 |
| 008 - FIXED-LENGTH DATA ELEMENTS--GENERAL INFORMATION | |
| fixed length control field | 820514t19791978sz a b i000 0 eng |
| 010 ## - LIBRARY OF CONGRESS CONTROL NUMBER | |
| LC control number | 82119466 |
| 015 ## - NATIONAL BIBLIOGRAPHY NUMBER | |
| National bibliography number | Sw*** |
| 020 ## - INTERNATIONAL STANDARD BOOK NUMBER | |
| International Standard Book Number | 922101939X |
| Terms of availability | 25.00F |
| 040 ## - CATALOGING SOURCE | |
| Original cataloging agency | DLC |
| Transcribing agency | DLC |
| Modifying agency | DLC |
| 050 00 - LIBRARY OF CONGRESS CALL NUMBER | |
| Classification number | T60 |
| Item number | .I57 1979 |
| 082 00 - DEWEY DECIMAL CLASSIFICATION NUMBER | |
| Classification number | 658.542 ILO |
| Edition number | 19 |
| 100 ## - MAIN ENTRY--PERSONAL NAME | |
| 9 (RLIN) | 3348 |
| Personal name | ILO (International Labour Office Geneva) |
| 245 00 - TITLE STATEMENT | |
| Title | Introduction to work study. |
| Statement of responsibility, etc. | International Labour Office Geneva |
| 250 ## - EDITION STATEMENT | |
| Edition statement | 3rd (rev.) ed. |
| 260 ## - PUBLICATION, DISTRIBUTION, ETC. | |
| Place of publication, distribution, etc. | Geneva : |
| Name of publisher, distributor, etc. | International Labour Office, |
| Date of publication, distribution, etc. | 1979, c1978. |
| 300 ## - PHYSICAL DESCRIPTION | |
| Extent | xiv, 442 p. : |
| Other physical details | ill. ; |
| Dimensions | 28 cm. |
| 500 ## - GENERAL NOTE | |
| General note | Errata slip inserted. |
| 504 ## - BIBLIOGRAPHY, ETC. NOTE | |
| Bibliography, etc. note | Bibliography: p. 439-441. |
| 650 #0 - SUBJECT ADDED ENTRY--TOPICAL TERM | |
| Topical term or geographic name entry element | Work measurement. |
| General subdivision | IME |
| 650 #0 - SUBJECT ADDED ENTRY--TOPICAL TERM | |
| Topical term or geographic name entry element | Methods engineering. |
| 710 2# - ADDED ENTRY--CORPORATE NAME | |
| Corporate name or jurisdiction name as entry element | International Labour Office. |
| 906 ## - LOCAL DATA ELEMENT F, LDF (RLIN) | |
| a | 7 |
| b | cbc |
| c | orignew |
| d | 2 |
| e | ncip |
| f | 19 |
| g | y-gencatlg |
| 942 ## - ADDED ENTRY ELEMENTS (KOHA) | |
| Source of classification or shelving scheme | |
| Koha item type | Book |
| Withdrawn status | Lost status | Source of classification or shelving scheme | Damaged status | Not for loan | Permanent Location | Current Location | Shelving location | Date acquired | Source of acquisition | Cost, normal purchase price | Total Checkouts | Full call number | Barcode | Date last seen | Cost, replacement price | Price effective from | Koha item type |
|---|---|---|---|---|---|---|---|---|---|---|---|---|---|---|---|---|---|
| Pakistan Navy Engineering College (PNEC) | Pakistan Navy Engineering College (PNEC) | 06/09/1983 | Royal Book Co/Library/Reference Grant | 175.00 | 658.542 ILO | PNECLIB-007645 | 04/29/2015 | 175.00 | 06/09/1983 | Book | |||||||
| Pakistan Navy Engineering College (PNEC) | Pakistan Navy Engineering College (PNEC) | 06/09/1983 | Royal Book Co/Library/Reference Grant | 175.00 | 658.542 ILO | PNECLIB-007646 | 04/29/2015 | 175.00 | 06/09/1983 | Book | |||||||
| Pakistan Navy Engineering College (PNEC) | Pakistan Navy Engineering College (PNEC) | 06/09/1983 | Royal Book Co/Library/Reference Grant | 175.00 | 658.542 ILO | PNECLIB-007647 | 04/29/2015 | 175.00 | 06/09/1983 | Book | |||||||
| Pakistan Navy Engineering College (PNEC) | Pakistan Navy Engineering College (PNEC) | 06/09/1983 | Royal Book Co/Library/Reference Grant | 175.00 | 658.542 ILO | PNECLIB-007648 | 04/29/2015 | 175.00 | 06/09/1983 | Book | |||||||
| Pakistan Navy Engineering College (PNEC) | Pakistan Navy Engineering College (PNEC) | 06/09/1983 | Royal Book Co/Library/Reference Grant | 175.00 | 658.542 ILO | PNECLIB-007649 | 04/29/2015 | 175.00 | 06/09/1983 | Book | |||||||
| Pakistan Navy Engineering College (PNEC) | Pakistan Navy Engineering College (PNEC) | 06/09/1983 | Royal Book Co/Library/Reference Grant | 175.00 | 658.542 ILO | PNECLIB-007650 | 04/29/2015 | 175.00 | 06/09/1983 | Book | |||||||
| Pakistan Navy Engineering College (PNEC) | Pakistan Navy Engineering College (PNEC) | 06/09/1983 | Royal Book Co/Library/Reference Grant | 175.00 | 658.542 ILO | PNECLIB-007651 | 04/29/2015 | 175.00 | 06/09/1983 | Book | |||||||
| Pakistan Navy Engineering College (PNEC) | Pakistan Navy Engineering College (PNEC) | 06/09/1983 | Royal Book Co/Library/Reference Grant | 175.00 | 658.542 ILO | PNECLIB-007652 | 04/29/2015 | 175.00 | 06/09/1983 | Book | |||||||
| Pakistan Navy Engineering College (PNEC) | Pakistan Navy Engineering College (PNEC) | 06/09/1983 | Royal Book Co/Library/Reference Grant | 175.00 | 658.542 ILO | PNECLIB-007653 | 04/29/2015 | 175.00 | 06/09/1983 | Book | |||||||
| Pakistan Navy Engineering College (PNEC) | Pakistan Navy Engineering College (PNEC) | 06/09/1983 | Royal Book Co/Library/Reference Grant | 175.00 | 658.542 ILO | PNECLIB-007654 | 04/29/2015 | 175.00 | 06/09/1983 | Book | |||||||
| Pakistan Navy Engineering College (PNEC) | Pakistan Navy Engineering College (PNEC) | 658.542 ILO | PNECLIB-004940 | 09/28/2015 | Book |
